UK housing review 2002/2003 (Record no. 102497)

MARC details
000 -LEADER
fixed length control field 01266cam a2200289 4500
008 - FIXED-LENGTH DATA ELEMENTS--GENERAL INFORMATION
fixed length control field 011112n2002 000 0 eng u
020 ## - INTERNATIONAL STANDARD BOOK NUMBER
International Standard Book Number 1903208432
035 ## - SYSTEM CONTROL NUMBER
System control number (Sirsi) u120178
050 ## - LIBRARY OF CONGRESS CALL NUMBER
Classification number 306.3
-- 18
100 ## - MAIN ENTRY--PERSONAL NAME
Personal name Wilcox, S.
245 ## - TITLE STATEMENT
Title UK housing review 2002/2003
250 ## - EDITION STATEMENT
Edition statement 11th ed.
260 ## - PUBLICATION, DISTRIBUTION, ETC.
Place of publication, distribution, etc. Coventry
Name of publisher, distributor, etc. Chartered Institute of Housing
Place of publication, distribution, etc. London
Name of publisher, distributor, etc. Council of Mortgage Lenders
Date of publication, distribution, etc. 2002
300 ## - PHYSICAL DESCRIPTION
Extent 213p.
Dimensions 21 x 30 cm.
350 ## - PRICE (NR) (BK AM CF MU VM SE) [OBSOLETE]
Price 50
520 ## - SUMMARY, ETC.
Summary, etc. Illustrated throughout with charts and tables this annual review brings together statistical data for: UK and international economic trends; public expenditure plans; housing stock and conditions; housing characteristics and incomes; house princes and market trends; investment by local authorities and housing associations; rents and revenue spending; homelessness and lettings; subsidies, relief and benefits. This edition also considers housing issues relating to devolution within the UK.
650 ## - SUBJECT ADDED ENTRY--TOPICAL TERM
Topical term or geographic name entry element DEVOLUTION
650 ## - SUBJECT ADDED ENTRY--TOPICAL TERM
Topical term or geographic name entry element HOUSE PRICES
650 ## - SUBJECT ADDED ENTRY--TOPICAL TERM
Topical term or geographic name entry element HOUSE SALES
650 ## - SUBJECT ADDED ENTRY--TOPICAL TERM
Topical term or geographic name entry element HOUSING CONDITIONS
650 ## - SUBJECT ADDED ENTRY--TOPICAL TERM
Topical term or geographic name entry element HOUSING FINANCE
650 ## - SUBJECT ADDED ENTRY--TOPICAL TERM
Topical term or geographic name entry element RESIDENTIAL PROPERTY
9 (RLIN) 6266
650 ## - SUBJECT ADDED ENTRY--TOPICAL TERM
Topical term or geographic name entry element STATISTICS
690 ## - LOCAL SUBJECT ADDED ENTRY--TOPICAL TERM (OCLC, RLIN)
Topical term or geographic name as entry element HOUSING
710 ## - ADDED ENTRY--CORPORATE NAME
Corporate name or jurisdiction name as entry element Joseph Rowntree Foundation
9 (RLIN) 2318
942 ## - ADDED ENTRY ELEMENTS (KOHA)
Suppress in OPAC 0
Holdings
Withdrawn status Lost status Source of classification or shelving scheme Damaged status Not for loan Home library Current library Shelving location Date acquired Cost, normal purchase price Total Checkouts Full call number Barcode Date last seen Date last checked out Copy number Cost, replacement price Price effective from Koha item type
    Dewey Decimal Classification     London London Books 19/11/2002 50.00 6 306.3 WIL 30068012 06/08/2019 08/03/2004 1 50.00 06/08/2019 Book